| 000 | 00751nam a22002537a 4500 | ||
|---|---|---|---|
| 003 | UA-OsUOA | ||
| 001 | 20302 | ||
| 007 | ta | ||
| 008 | 20031021b un ||||| |||| 00| 0 ukr d | ||
| 100 | _aКрушельницька Л. І. | ||
| 090 |
_a904(477.6) _bК84 |
||
| 942 | _cBK | ||
| 040 |
_aUA-OsUOA _bukr _cUA-OsUOA _dUA-OsUOA |
||
| 245 | _aЧорноліська культура Середнього Придністров'я (за матеріалами непоротівської групи пам'яток) | ||
| 300 |
_a224 с. _bІлюстрації |
||
| 955 | _a0 | ||
| 041 | _aukr | ||
| 080 | _a904(477.6) | ||
| 020 | _a966-02-0454-Х | ||
| 260 |
_aЛьвів _c1998 |
||
| 044 | _aUA | ||
| 650 | 7 | _2UDC | |
| 999 |
_c306478 _d306478 |
||